| Tag |
First Indicator |
Second Indicator |
Subfields |
| LEADER |
00000cam a2200000 a 4500 |
| 001 |
in00000083766 |
| 005 |
20151008054307.0 |
| 008 |
770915s1975 msub b s00010 engm |
| 010 |
|
|
|a 77621015
|
| 035 |
|
|
|a (OCoLC)03360559
|
| 035 |
|
|
|9 AAJ0231AM
|
| 040 |
|
|
|a DLC
|c DLC
|d m.c.
|d TXA
|d UtOrBLW
|
| 043 |
|
|
|a n-us-ms
|
| 049 |
|
|
|a TXAM
|c [800594]
|
| 050 |
0 |
0 |
|a TD224.M65
|b C37
|
| 082 |
0 |
|
|a 363.6
|
| 090 |
|
|
|a TD224.M65
|b C37 1975a
|
| 100 |
1 |
|
|a Cartee, Charles P.
|
| 245 |
1 |
2 |
|a A case study of estuarine pollution and local agency interactions /
|c by Charles P. Cartee, Nell O. Murray, D. C. Williams, Jr.
|
| 264 |
|
1 |
|a State College :
|b Water Resources Research Institute, Mississippi State University,
|c 1975.
|
| 300 |
|
|
|a iii, 43 leaves :
|b 3 maps ;
|c 28 cm.
|
| 336 |
|
|
|a text
|b txt
|2 rdacontent
|
| 337 |
|
|
|a unmediated
|b n
|2 rdamedia
|
| 338 |
|
|
|a volume
|b nc
|2 rdacarrier
|
| 500 |
|
|
|a Xeroxed copy of the original edition.
|
| 504 |
|
|
|a Bibliography: leaves 42-43.
|
| 650 |
|
0 |
|a Water quality
|x Standards
|z Mississippi.
|
| 650 |
|
0 |
|a Estuarine pollution
|z Mississippi.
|
| 650 |
|
0 |
|a Local government
|z Mississippi.
|
| 700 |
1 |
|
|a Murray, Nell O'Neal.
|
| 700 |
1 |
|
|a Williams, D. C.,
|c Jr.,
|d 1929-
|
| 999 |
|
|
|a MARS
|
| 999 |
f |
f |
|s c3442086-38fa-3416-a0b6-a96695d89548
|i 161adbe4-5934-3fb1-8156-e97baee89991
|t 0
|
| 952 |
f |
f |
|p ric
|a Texas A&M University
|b Rellis Campus
|c Joint Library Facility
|d Remote Storage
|t 0
|e TD224.M65 C37 1975a
|h Library of Congress classification
|i unmediated -- volume
|m A14806244926
|
| 998 |
f |
f |
|a TD224.M65 C37 1975a
|t 0
|l Remote Storage
|